Central Library OPAC University of Rajshahi

Principles of real analysis / (Record no. 13009)

MARC details
000 -LEADER
fixed length control field 01128cam a2200325 a 4500
001 - CONTROL NUMBER
control field 13009
003 - CONTROL NUMBER IDENTIFIER
rucl marc code BD-RjUL
005 - DATE AND TIME OF LATEST TRANSACTION
control field 20211208235405.0
008 - FIXED-LENGTH DATA ELEMENTS--GENERAL INFORMATION
fixed length control field 980326s1998 caua b 001 0 eng
020 ## - INTERNATIONAL STANDARD BOOK NUMBER
International Standard Book Number 9780120502578
International Standard Book Number 97881472045
International Standard Book Number 0120502577
035 ## - SYSTEM CONTROL NUMBER
System control number (BD-RjUL)13059
040 ## - CATALOGING SOURCE
Original cataloging agency DLC
Transcribing agency DLC
Modifying agency DLC
-- BD-RjUL
Language of cataloging eng
041 ## - LANGUAGE CODE
Language code of text/sound track or separate title eng
082 00 - DEWEY DECIMAL CLASSIFICATION NUMBER
Classification number 515
Edition number 21
Author mark and year ALP 2011
100 1# - MAIN ENTRY--PERSONAL NAME
Personal name Aliprantis, Charalambos D.
9 (RLIN) 40549
245 10 - TITLE STATEMENT
Title Principles of real analysis /
Statement of responsibility, etc. Charalambos D. Aliprantis and Owen Burkinshaw.
250 ## - EDITION STATEMENT
Edition statement 3rd ed.
260 ## - PUBLICATION, DISTRIBUTION, ETC. (IMPRINT)
Place of publication, distribution, etc. San Diego :
Name of publisher, distributor, etc. Academic Press,
Date of publication, distribution, etc. c1998 [ Reprinted 2011].
300 ## - PHYSICAL DESCRIPTION
Pagination x, 415 p. :
Illustrations ill. ;
Size 22 cm.
504 ## - BIBLIOGRAPHY, ETC. NOTE
Bibliography, etc Includes bibliographical references (p. 399-400) and index.
650 #0 - SUBJECT ADDED ENTRY--TOPICAL TERM
Topical term or geographic name as entry element Mathematical analysis.
9 (RLIN) 40550
Topical term or geographic name as entry element Functions of real variables.
9 (RLIN) 20677
700 1# - ADDED ENTRY--PERSONAL NAME
Personal name Burkinshaw, Owen.
856 42 - ELECTRONIC LOCATION AND ACCESS
Materials specified Publisher description
Uniform Resource Identifier <a href="http://www.loc.gov/catdir/description/els033/98003955.html">http://www.loc.gov/catdir/description/els033/98003955.html</a>
Materials specified Table of contents
Uniform Resource Identifier <a href="http://www.loc.gov/catdir/toc/els032/98003955.html">http://www.loc.gov/catdir/toc/els032/98003955.html</a>
942 ## - ADDED ENTRY ELEMENTS (KOHA)
Source of classification or shelving scheme Dewey Decimal Classification
Koha item type Books
Holdings
Lost status Source of classification or shelving scheme Damaged status Not for loan Collection code Permanent Location Current Location Shelving location Date acquired Source of acquisition Cost, normal purchase price Total Checkouts Full call number Date last seen Date checked out Copy number Koha item type Total Renewals
  Dewey Decimal Classification     Non-fiction Central Library, University of Rajshahi Central Library, University of Rajshahi   26/06/2013 Dhaka, Associated Business Corp. 570.00 2 515 ALP 2011 24/09/2017 10/09/2017 C-3 Books  
  Dewey Decimal Classification     Non-fiction Central Library, University of Rajshahi Central Library, University of Rajshahi   22/01/2008 Dhaka,Paragon Enterprise Lit., 295.00 3 515 ALP 2005 09/05/2018 22/04/2018 C-2 Books 1